[Event "V Open Escacs Xàtiva"]
[Site "Xàtiva, Spain"]
[Date "2019.07.18"]
[Round "6.4"]
[White "Megias Chafer, Alejandro"]
[Black "Deruelle Sala, Albert"]
[Result "1-0"]
[WhiteElo "2119"]
[BlackElo "2076"]
[PlyCount "149"]
[EventDate "2019.??.??"]

1. d4 {[%clk 01:30:57]  [%emt 00:00:01]} 1... Nf6 {
[%clk 01:30:55]  [%emt 00:00:05]} 2. c4 {[%clk 01:31:14]  [%emt 00:00:14]} 2...
e6 {[%clk 01:31:21]  [%emt 00:00:04]} 3. Nf3 {[%clk 01:31:13]  [%emt 00:00:30]}
3... d5 {[%clk 01:31:46]  [%emt 00:00:05]} 4. Nc3 {
[%clk 01:31:12]  [%emt 00:00:32]} 4... Be7 {[%clk 01:32:11]  [%emt 00:00:06]}
5. Bf4 {[%clk 01:31:17]  [%emt 00:00:25]} 5... O-O {
[%clk 01:30:59]  [%emt 00:01:42]} 6. e3 {[%clk 01:31:23]  [%emt 00:00:24]} 6...
c5 {[%clk 01:30:54]  [%emt 00:00:35]} 7. dxc5 {[%clk 01:31:18]  [%emt 00:00:35]
} 7... Nc6 {[%clk 01:29:45]  [%emt 00:01:40]} 8. a3 {
[%clk 01:29:13]  [%emt 00:02:35]} 8... Bxc5 {[%clk 01:27:54]  [%emt 00:02:20]}
9. Be2 {[%clk 01:26:07]  [%emt 00:03:35]} 9... a6 {
[%clk 01:24:50]  [%emt 00:03:35]} 10. b4 {[%clk 01:22:20]  [%emt 00:04:17]}
10... Bb6 {[%clk 01:20:07]  [%emt 00:05:13]} 11. O-O {
[%clk 01:21:30]  [%emt 00:01:19]} 11... d4 {[%clk 01:18:56]  [%emt 00:01:43]}
12. exd4 {[%clk 01:16:04]  [%emt 00:05:55]} 12... Nxd4 {
[%clk 01:19:03]  [%emt 00:00:23]} 13. c5 {[%clk 01:16:16]  [%emt 00:00:18]}
13... Nxe2+ {[%clk 01:19:06]  [%emt 00:00:26]} 14. Qxe2 {
[%clk 01:16:18]  [%emt 00:00:29]} 14... Bc7 {[%clk 01:11:54]  [%emt 00:07:42]}
15. Rfd1 {[%clk 01:14:47]  [%emt 00:02:02]} 15... Bxf4 {
[%clk 01:04:19]  [%emt 00:08:05]} 16. Rxd8 {[%clk 01:14:32]  [%emt 00:00:45]}
16... Rxd8 {[%clk 01:04:43]  [%emt 00:00:05]} 17. Rd1 {
[%clk 01:13:18]  [%emt 00:01:43]} 17... Bd7 {[%clk 01:01:37]  [%emt 00:03:36]}
18. a4 {[%clk 01:07:16]  [%emt 00:06:32]} 18... Be8 {
[%clk 00:59:37]  [%emt 00:02:30]} 19. Rxd8 {[%clk 00:52:10]  [%emt 00:15:36]}
19... Rxd8 {[%clk 00:59:28]  [%emt 00:00:40]} 20. b5 {
[%clk 00:51:44]  [%emt 00:00:56]} 20... axb5 {[%clk 00:56:23]  [%emt 00:03:35]}
21. axb5 {[%clk 00:49:51]  [%emt 00:02:22]} 21... Bc7 {
[%clk 00:55:21]  [%emt 00:01:33]} 22. b6 {[%clk 00:42:50]  [%emt 00:07:31]}
22... Bb8 {[%clk 00:55:14]  [%emt 00:00:37]} 23. Nd2 {
[%clk 00:26:05]  [%emt 00:17:15]} 23... Nd5 {[%clk 00:46:06]  [%emt 00:09:38]}
24. Nde4 {[%clk 00:17:18]  [%emt 00:09:17]} 24... Nxc3 {
[%clk 00:40:01]  [%emt 00:06:36]} 25. Nxc3 {[%clk 00:17:41]  [%emt 00:00:06]}
25... Bc6 {[%clk 00:40:28]  [%emt 00:00:03]} 26. f3 {
[%clk 00:15:38]  [%emt 00:02:32]} 26... Bf4 {[%clk 00:38:57]  [%emt 00:02:01]}
27. g3 {[%clk 00:15:15]  [%emt 00:00:54]} 27... Rd2 {
[%clk 00:36:30]  [%emt 00:02:57]} 28. gxf4 {[%clk 00:14:46]  [%emt 00:00:59]}
28... Rxe2 {[%clk 00:36:48]  [%emt 00:00:12]} 29. Nxe2 {[%clk 00:15:15]} 29...
Bb5 {[%clk 00:24:53]  [%emt 00:12:24]} 30. Nd4 {
[%clk 00:15:21]  [%emt 00:00:24]} 30... Ba6 {[%clk 00:25:23]  [%emt 00:00:02]}
31. c6 {[%clk 00:15:34]  [%emt 00:00:16]} 31... bxc6 {
[%clk 00:25:45]  [%emt 00:00:08]} 32. Nxc6 {[%clk 00:16:02]} 32... Bb7 {
[%clk 00:26:03]  [%emt 00:00:13]} 33. Nd8 {[%clk 00:15:19]  [%emt 00:01:13]}
33... Bxf3 {[%clk 00:26:18]  [%emt 00:00:15]} 34. Kf2 {
[%clk 00:15:39]  [%emt 00:00:10]} 34... Bd5 {[%clk 00:26:28]  [%emt 00:00:20]}
35. b7 {[%clk 00:16:04]  [%emt 00:00:05]} 35... Bxb7 {
[%clk 00:26:53]  [%emt 00:00:05]} 36. Nxb7 {[%clk 00:16:30]  [%emt 00:00:04]}
36... h6 {[%clk 00:22:18]  [%emt 00:05:04]} 37. Kf3 {
[%clk 00:16:10]  [%emt 00:00:51]} 37... Kf8 {[%clk 00:21:57]  [%emt 00:00:52]}
38. Nc5 {[%clk 00:15:19]  [%emt 00:01:20]} 38... Ke7 {
[%clk 00:22:17]  [%emt 00:00:10]} 39. Ne4 {[%clk 00:14:55]  [%emt 00:00:53]}
39... g6 {[%clk 00:17:43]  [%emt 00:05:04]} 40. Nf2 {
[%clk 00:14:14]  [%emt 00:01:11]} 40... Kf6 {[%clk 00:15:57]  [%emt 00:02:17]}
41. Ke4 {[%clk 00:13:14]  [%emt 00:01:30]} 41... g5 {
[%clk 00:15:21]  [%emt 00:01:06]} 42. Ng4+ {[%clk 00:10:14]  [%emt 00:03:30]}
42... Kg7 {[%clk 00:14:46]  [%emt 00:01:04]} 43. Ke5 {
[%clk 00:10:26]  [%emt 00:00:19]} 43... Kg6 {[%clk 00:14:02]  [%emt 00:01:14]}
44. Nf2 {[%clk 00:10:12]  [%emt 00:00:43]} 44... gxf4 {
[%clk 00:10:41]  [%emt 00:03:52]} 45. Kxf4 {[%clk 00:10:33]  [%emt 00:00:09]}
45... f6 {[%clk 00:11:06]  [%emt 00:00:05]} 46. Nd3 {
[%clk 00:09:33]  [%emt 00:01:29]} 46... Kh5 {[%clk 00:10:42]  [%emt 00:00:54]}
47. Kg3 {[%clk 00:09:28]  [%emt 00:00:35]} 47... e5 {
[%clk 00:10:54]  [%emt 00:00:19]} 48. Ne1 {[%clk 00:08:13]  [%emt 00:01:44]}
48... f5 {[%clk 00:08:45]  [%emt 00:02:39]} 49. Nf3 {
[%clk 00:08:16]  [%emt 00:00:27]} 49... f4+ {[%clk 00:08:27]  [%emt 00:00:49]}
50. Kg2 {[%clk 00:06:59]  [%emt 00:01:47]} 50... e4 {
[%clk 00:07:40]  [%emt 00:01:18]} 51. Nd2 {[%clk 00:07:20]  [%emt 00:00:08]}
51... e3 {[%clk 00:07:12]  [%emt 00:00:58]} 52. Nf3 {
[%clk 00:07:46]  [%emt 00:00:04]} 52... Kg4 {[%clk 00:06:57]  [%emt 00:00:45]}
53. Ng1 {[%clk 00:06:34]  [%emt 00:01:42]} 53... h5 {
[%clk 00:03:33]  [%emt 00:03:54]} 54. Nf3 {[%clk 00:04:19]  [%emt 00:02:44]}
54... Kf5 {[%clk 00:02:51]  [%emt 00:01:13]} 55. h3 {
[%clk 00:04:10]  [%emt 00:00:38]} 55... Ke4 {[%clk 00:02:51]  [%emt 00:00:31]}
56. Ne1 {[%clk 00:04:24]  [%emt 00:00:16]} 56... h4 {
[%clk 00:00:40]  [%emt 00:02:41]} 57. Nf3 {[%clk 00:04:46]  [%emt 00:00:09]}
57... e2 {[%clk 00:00:32]  [%emt 00:00:37]} 58. Kf2 {
[%clk 00:05:04]  [%emt 00:00:11]} 58... Kd3 {[%clk 00:00:47]  [%emt 00:00:16]}
59. Nxh4 {[%clk 00:05:03]  [%emt 00:00:31]} 59... e1=Q+ {
[%clk 00:01:14]  [%emt 00:00:03]} 60. Kxe1 {[%clk 00:05:19]  [%emt 00:00:14]}
60... Ke3 {[%clk 00:01:39]  [%emt 00:00:05]} 61. Kf1 {
[%clk 00:05:23]  [%emt 00:00:25]} 61... f3 {[%clk 00:00:53]  [%emt 00:01:17]}
62. Ng6 {[%clk 00:05:29]  [%emt 00:00:25]} 62... f2 {
[%clk 00:00:36]  [%emt 00:00:47]} 63. h4 {[%clk 00:05:44]  [%emt 00:00:14]}
63... Ke4 {[%clk 00:00:48]  [%emt 00:00:18]} 64. h5 {
[%clk 00:06:06]  [%emt 00:00:08]} 64... Kf5 {[%clk 00:01:04]  [%emt 00:00:14]}
65. Nf4 {[%clk 00:06:31]  [%emt 00:00:04]} 65... Kg5 {
[%clk 00:01:09]  [%emt 00:00:26]} 66. Kxf2 {[%clk 00:06:52]  [%emt 00:00:09]}
66... Kh6 {[%clk 00:01:37]  [%emt 00:00:05]} 67. Kg3 {
[%clk 00:07:08]  [%emt 00:00:10]} 67... Kg5 {[%clk 00:01:59]  [%emt 00:00:08]}
68. Kh3 {[%clk 00:07:29]  [%emt 00:00:08]} 68... Kh6 {
[%clk 00:02:28]  [%emt 00:00:02]} 69. Kg4 {[%clk 00:07:53]  [%emt 00:00:06]}
69... Kg7 {[%clk 00:02:55]  [%emt 00:00:04]} 70. Kg5 {
[%clk 00:08:00]  [%emt 00:00:23]} 70... Kh7 {[%clk 00:03:24]} 71. Ne6 {
[%clk 00:08:10]  [%emt 00:00:19]} 71... Kg8 {[%clk 00:03:50]  [%emt 00:00:05]}
72. Kg6 {[%clk 00:08:15]  [%emt 00:00:26]} 72... Kh8 {
[%clk 00:04:17]  [%emt 00:00:04]} 73. Ng5 {[%clk 00:08:12]  [%emt 00:00:32]}
73... Kg8 {[%clk 00:04:41]  [%emt 00:00:09]} 74. h6 {
[%clk 00:08:28]  [%emt 00:00:11]} 74... Kh8 {[%clk 00:05:07]  [%emt 00:00:05]}
75. Nf3 {[%emt 00:01:34]} 1-0

[Event "V Open Escacs Xàtiva"]
[Site "Xàtiva, Spain"]
[Date "2019.07.18"]
[Round "6.5"]
[White "Castro Santimoteo, Raul"]
[Black "Perez Mas, Jose Manuel"]
[Result "0-1"]
[WhiteElo "1947"]
[BlackElo "1711"]
[PlyCount "74"]
[EventDate "2019.??.??"]

1. Nf3 {[%clk 01:30:39]  [%emt 00:00:13]} 1... c5 {
[%clk 01:30:24]  [%emt 00:00:38]} 2. c4 {[%clk 01:30:53]  [%emt 00:00:15]} 2...
Nf6 {[%clk 01:30:03]  [%emt 00:00:51]} 3. g3 {[%clk 01:30:14]  [%emt 00:01:09]}
3... b6 {[%clk 01:29:28]  [%emt 00:01:06]} 4. Bg2 {
[%clk 01:29:58]  [%emt 00:00:45]} 4... Bb7 {[%clk 01:29:42]  [%emt 00:00:16]}
5. O-O {[%clk 01:29:52]  [%emt 00:00:36]} 5... e6 {
[%clk 01:29:14]  [%emt 00:00:59]} 6. Nc3 {[%clk 01:27:25]  [%emt 00:02:56]}
6... Be7 {[%clk 01:28:20]  [%emt 00:01:24]} 7. d3 {
[%clk 01:25:58]  [%emt 00:01:57]} 7... O-O {[%clk 01:26:54]  [%emt 00:01:56]}
8. Bf4 {[%clk 01:25:14]  [%emt 00:01:13]} 8... d6 {
[%clk 01:25:09]  [%emt 00:02:16]} 9. Rc1 {[%clk 01:24:48]  [%emt 00:00:55]}
9... Nh5 {[%clk 01:21:48]  [%emt 00:03:51]} 10. Bd2 {
[%clk 01:24:55]  [%emt 00:00:24]} 10... f5 {[%clk 01:19:32]  [%emt 00:02:46]}
11. e3 {[%clk 01:24:35]  [%emt 00:00:49]} 11... Nf6 {
[%clk 01:19:04]  [%emt 00:00:58]} 12. Ne2 {[%clk 01:21:54]  [%emt 00:03:11]}
12... Na6 {[%clk 01:11:20]  [%emt 00:08:15]} 13. Bc3 {
[%clk 01:16:45]  [%emt 00:05:39]} 13... Qe8 {[%clk 01:08:13]  [%emt 00:03:37]}
14. Nf4 {[%clk 01:16:17]  [%emt 00:00:57]} 14... Nc7 {
[%clk 01:08:22]  [%emt 00:00:21]} 15. Ng5 {[%clk 01:09:49]  [%emt 00:06:58]}
15... Bxg2 {[%clk 01:08:29]  [%emt 00:00:24]} 16. Kxg2 {
[%clk 01:10:08]  [%emt 00:00:11]} 16... Bd8 {[%clk 01:06:26]  [%emt 00:02:32]}
17. Qf3 {[%clk 01:05:37]  [%emt 00:05:01]} 17... Rb8 {
[%clk 01:06:37]  [%emt 00:00:18]} 18. h4 {[%clk 01:03:45]  [%emt 00:02:23]}
18... h6 {[%clk 01:03:02]  [%emt 00:04:05]} 19. Ngh3 {
[%clk 01:04:04]  [%emt 00:00:11]} 19... e5 {[%clk 01:01:13]  [%emt 00:02:20]}
20. Nd5 {[%clk 01:00:10]  [%emt 00:04:23]} 20... Ncxd5 {
[%clk 01:01:05]  [%emt 00:00:38]} 21. cxd5 {[%clk 01:00:28]  [%emt 00:00:13]}
21... Ng4 {[%clk 01:00:30]  [%emt 00:01:05]} 22. Qe2 {
[%clk 00:58:33]  [%emt 00:02:25]} 22... Qg6 {[%clk 00:58:05]  [%emt 00:02:55]}
23. f3 {[%clk 00:58:26]  [%emt 00:00:37]} 23... Nf6 {
[%clk 00:58:20]  [%emt 00:00:15]} 24. e4 {[%clk 00:58:04]  [%emt 00:00:52]}
24... Nh5 {[%clk 00:55:30]  [%emt 00:03:19]} 25. Be1 {
[%clk 00:55:35]  [%emt 00:02:59]} 25... Bxh4 {[%clk 00:52:54]  [%emt 00:03:06]}
26. exf5 {[%clk 00:55:26]  [%emt 00:00:40]} 26... Rxf5 {
[%clk 00:52:09]  [%emt 00:01:14]} 27. g4 {[%clk 00:54:56]  [%emt 00:01:00]}
27... Bxe1 {[%clk 00:50:28]  [%emt 00:02:11]} 28. Rcxe1 {
[%clk 00:53:34]  [%emt 00:01:53]} 28... Nf4+ {[%clk 00:50:13]  [%emt 00:00:45]}
29. Nxf4 {[%clk 00:53:18]  [%emt 00:00:47]} 29... Rxf4 {
[%clk 00:50:34]  [%emt 00:00:09]} 30. Qc2 {[%clk 00:51:38]  [%emt 00:02:09]}
30... Rbf8 {[%clk 00:49:00]  [%emt 00:02:04]} 31. Re3 {
[%clk 00:50:31]  [%emt 00:01:37]} 31... h5 {[%clk 00:48:30]  [%emt 00:00:59]}
32. Rg1 {[%clk 00:46:24]  [%emt 00:04:38]} 32... hxg4 {
[%clk 00:47:18]  [%emt 00:01:43]} 33. Qf2 {[%clk 00:44:35]  [%emt 00:02:18]}
33... Rxf3 {[%clk 00:43:28]  [%emt 00:04:20]} 34. Qe1 {
[%clk 00:42:28]  [%emt 00:02:37]} 34... Rxe3 {[%clk 00:40:29]  [%emt 00:03:28]}
35. Qxe3 {[%clk 00:42:25]  [%emt 00:00:34]} 35... Rf3 {
[%clk 00:40:41]  [%emt 00:00:18]} 36. Qe4 {[%clk 00:40:13]  [%emt 00:02:42]}
36... Qxe4 {[%clk 00:39:08]  [%emt 00:02:03]} 37. dxe4 {
[%clk 00:40:33]  [%emt 00:00:10]} 37... Re3 {[%clk 00:39:27]  [%emt 00:00:10]}
0-1

[Event "V Open Escacs Xàtiva"]
[Site "Xàtiva, Spain"]
[Date "2019.07.18"]
[Round "6.6"]
[White "Pallas I Garrido, Ernest Josep"]
[Black "Camison Zornoza, Cesar"]
[Result "1/2-1/2"]
[WhiteElo "1831"]
[BlackElo "1872"]
[PlyCount "129"]
[EventDate "2019.??.??"]

1. Nf3 {[%clk 01:28:50]  [%emt 00:02:09]} 1... g6 {
[%clk 01:30:29]  [%emt 00:00:32]} 2. g3 {[%clk 01:28:16]  [%emt 00:01:04]} 2...
Bg7 {[%clk 01:30:47]  [%emt 00:00:11]} 3. Bg2 {[%clk 01:28:32]  [%emt 00:00:14]
} 3... Nc6 {[%clk 01:28:57]  [%emt 00:02:20]} 4. O-O {
[%clk 01:26:08]  [%emt 00:02:54]} 4... e5 {[%clk 01:29:05]  [%emt 00:00:23]} 5.
d3 {[%clk 01:25:50]  [%emt 00:00:48]} 5... Nge7 {
[%clk 01:28:05]  [%emt 00:01:30]} 6. e4 {[%clk 01:25:27]  [%emt 00:00:52]} 6...
O-O {[%clk 01:28:02]  [%emt 00:00:34]} 7. c3 {[%clk 01:24:41]  [%emt 00:01:15]}
7... d5 {[%clk 01:27:13]  [%emt 00:01:19]} 8. Nbd2 {
[%clk 01:21:45]  [%emt 00:03:27]} 8... Bg4 {[%clk 01:26:27]  [%emt 00:01:15]}
9. h3 {[%clk 01:21:49]  [%emt 00:00:26]} 9... Bd7 {
[%clk 01:24:57]  [%emt 00:02:00]} 10. Re1 {[%clk 01:17:37]  [%emt 00:04:42]}
10... Qc8 {[%clk 01:19:17]  [%emt 00:06:10]} 11. Kh2 {
[%clk 01:17:57]  [%emt 00:00:09]} 11... h6 {[%clk 01:15:25]  [%emt 00:04:23]}
12. exd5 {[%clk 01:06:50]  [%emt 00:11:37]} 12... Nxd5 {
[%clk 01:15:33]  [%emt 00:00:22]} 13. Nc4 {[%clk 01:06:52]  [%emt 00:00:28]}
13... Re8 {[%emt 00:05:29]} 14. Nfxe5 {[%clk 00:54:06]} 14... Nxc3 {
[%clk 00:53:19]  [%emt 00:31:02]} 15. bxc3 {[%clk 00:53:41]} 15... Nxe5 {
[%clk 00:53:30]  [%emt 00:01:14]} 16. Nxe5 {[%clk 00:53:23]} 16... Bxe5 {
[%clk 00:49:25]  [%emt 00:05:23]} 17. d4 {[%clk 00:39:12]} 17... Bg7 {
[%clk 00:49:10]  [%emt 00:15:25]} 18. Rxe8+ {[%clk 00:38:16]} 18... Bxe8 {
[%clk 00:47:52]  [%emt 00:03:14]} 19. Qb3 {[%clk 00:35:51]} 19... c6 {
[%clk 00:46:42]  [%emt 00:04:35]} 20. Ba3 {[%clk 00:34:45]} 20... Bd7 {
[%clk 00:40:10]  [%emt 00:08:38]} 21. Rd1 {[%clk 00:28:22]} 21... Be6 {
[%clk 00:38:15]  [%emt 00:09:18]} 22. Qc2 {[%emt 00:15:44]} 22... Qd7 23. Bc1 {
[%clk 00:12:40]  [%emt 00:03:41]} 23... Rd8 {[%clk 00:30:59]  [%emt 00:05:32]}
24. c4 {[%clk 00:11:14]  [%emt 00:01:57]} 24... Bf5 {
[%clk 00:30:13]  [%emt 00:01:15]} 25. Qb3 {[%clk 00:10:07]  [%emt 00:01:37]}
25... Bxd4 {[%clk 00:16:43]  [%emt 00:14:01]} 26. Bxh6 {
[%clk 00:09:20]  [%emt 00:01:17]} 26... b6 {[%clk 00:10:46]  [%emt 00:06:27]}
27. Be3 {[%clk 00:07:55]  [%emt 00:01:54]} 27... c5 {
[%clk 00:10:59]  [%emt 00:00:17]} 28. a4 {[%clk 00:06:40]  [%emt 00:01:45]}
28... Qe7 {[%clk 00:09:55]  [%emt 00:01:34]} 29. a5 {
[%clk 00:03:35]  [%emt 00:03:36]} 29... Bxe3 {[%clk 00:07:03]  [%emt 00:03:22]}
30. Qxe3 {[%clk 00:03:43]  [%emt 00:00:22]} 30... Re8 {
[%clk 00:05:20]  [%emt 00:02:12]} 31. Qxe7 {[%clk 00:01:45]  [%emt 00:02:27]}
31... Rxe7 {[%clk 00:05:28]  [%emt 00:00:23]} 32. axb6 {
[%clk 00:02:03]  [%emt 00:00:12]} 32... axb6 {[%clk 00:05:56]  [%emt 00:00:02]}
33. Rd6 {[%clk 00:01:12]  [%emt 00:01:21]} 33... Re6 {[%emt 00:01:29]} 34. Rxe6
{[%clk 00:00:55]  [%emt 00:00:10]} 34... Bxe6 {[%clk 00:06:03]  [%emt 00:00:01]
} 35. Bf1 {[%emt 00:00:26]} 35... Kf8 {[%clk 00:06:11]  [%emt 00:00:05]} 36.
Kg2 {[%clk 00:01:09]  [%emt 00:00:36]} 36... Ke7 {
[%clk 00:06:39]  [%emt 00:00:02]} 37. h4 {[%clk 00:01:17]  [%emt 00:00:22]}
37... Kd6 {[%clk 00:06:48]  [%emt 00:00:22]} 38. Kf3 {
[%clk 00:01:25]  [%emt 00:00:21]} 38... Ke5 {[%clk 00:06:15]  [%emt 00:01:03]}
39. Ke3 {[%clk 00:01:52]  [%emt 00:00:02]} 39... f5 {
[%clk 00:05:43]  [%emt 00:01:02]} 40. f4+ {[%clk 00:02:14]  [%emt 00:00:08]}
40... Kd6 {[%clk 00:05:59]  [%emt 00:00:14]} 41. Be2 {
[%clk 00:02:01]  [%emt 00:00:42]} 41... Bd7 {[%clk 00:05:59]  [%emt 00:00:30]}
42. Kd2 {[%clk 00:01:10]  [%emt 00:01:21]} 42... Bc6 {
[%clk 00:05:35]  [%emt 00:00:54]} 43. Kc3 {[%clk 00:01:23]  [%emt 00:00:17]}
43... Ba4 {[%clk 00:05:27]  [%emt 00:00:39]} 44. Bd3 {
[%clk 00:01:35]  [%emt 00:00:17]} 44... Be8 {[%clk 00:04:50]  [%emt 00:01:08]}
45. Be2 {[%clk 00:01:22]  [%emt 00:00:43]} 45... Kc6 {
[%clk 00:04:53]  [%emt 00:00:26]} 46. Bd3 {[%clk 00:01:42]  [%emt 00:00:09]}
46... Kb7 {[%clk 00:04:57]  [%emt 00:00:27]} 47. h5 {
[%clk 00:01:20]  [%emt 00:00:52]} 47... gxh5 {[%clk 00:05:25]  [%emt 00:00:02]}
48. Bxf5 {[%clk 00:01:42]  [%emt 00:00:09]} 48... Kc7 {
[%clk 00:04:56]  [%emt 00:00:59]} 49. Be4 {[%clk 00:00:42]  [%emt 00:01:29]}
49... Kd6 {[%clk 00:05:25]  [%emt 00:00:01]} 50. Bf5 {
[%clk 00:00:40]  [%emt 00:00:32]} 50... Ke7 {[%clk 00:05:36]  [%emt 00:00:19]}
51. Be4 {[%clk 00:00:45]  [%emt 00:00:25]} 51... Kf6 {
[%clk 00:06:00]  [%emt 00:00:06]} 52. Bd3 {[%clk 00:00:59]  [%emt 00:00:17]}
52... Bc6 {[%clk 00:05:45]  [%emt 00:00:45]} 53. Be2 {
[%clk 00:00:53]  [%emt 00:00:36]} 53... Be8 {[%clk 00:05:18]  [%emt 00:00:57]}
54. Bd3 {[%clk 00:01:13]  [%emt 00:00:11]} 54... Bf7 {
[%clk 00:05:33]  [%emt 00:00:14]} 55. Be4 {[%clk 00:01:22]  [%emt 00:00:22]}
55... Be6 {[%clk 00:05:45]  [%emt 00:00:18]} 56. Bf3 {
[%clk 00:01:33]  [%emt 00:00:18]} 56... Kg6 {[%clk 00:05:16]  [%emt 00:00:59]}
57. Be2 {[%clk 00:01:48]  [%emt 00:00:15]} 57... Bf5 {
[%clk 00:05:31]  [%emt 00:00:16]} 58. Bf3 {[%clk 00:02:00]  [%emt 00:00:18]}
58... Bd7 {[%clk 00:04:54]  [%emt 00:01:07]} 59. Be2 {
[%clk 00:02:20]  [%emt 00:00:10]} 59... Be8 {[%clk 00:04:36]  [%emt 00:00:48]}
60. Kd2 {[%clk 00:01:52]  [%emt 00:00:57]} 60... Kf5 {
[%clk 00:04:44]  [%emt 00:00:22]} 61. Ke3 {[%clk 00:02:06]  [%emt 00:00:16]}
61... Bf7 {[%clk 00:04:19]  [%emt 00:00:55]} 62. Kd3 {
[%clk 00:01:44]  [%emt 00:00:52]} 62... Be8 {[%clk 00:04:31]  [%emt 00:00:18]}
63. Ke3 {[%clk 00:01:47]  [%emt 00:00:27]} 63... Bf7 {
[%clk 00:04:30]  [%emt 00:00:31]} 64. Kd3 {[%clk 00:01:55]  [%emt 00:00:21]}
64... Be8 {[%clk 00:02:49]  [%emt 00:02:12]} 65. Ke3 {
[%clk 00:02:14]  [%emt 00:00:12]} 1/2-1/2

[Event "V Open Escacs Xàtiva"]
[Site "Xàtiva, Spain"]
[Date "2019.07.18"]
[Round "6.7"]
[White "Chernikov, Vladimir"]
[Black "Galindo Montoya, Diego"]
[Result "1-0"]
[WhiteElo "2301"]
[BlackElo "1905"]
[PlyCount "61"]
[EventDate "2019.??.??"]

1. c4 {[%clk 01:28:53]  [%emt 00:02:19]} 1... e5 {
[%clk 01:30:23]  [%emt 00:00:26]} 2. Nc3 {[%clk 01:25:38]  [%emt 00:03:54]}
2... d6 {[%clk 01:30:44]  [%emt 00:00:04]} 3. Nf3 {
[%clk 01:25:49]  [%emt 00:00:22]} 3... f5 {[%clk 01:30:36]  [%emt 00:00:41]} 4.
e4 {[%clk 01:25:57]  [%emt 00:00:12]} 4... Nf6 {
[%clk 01:30:04]  [%emt 00:01:38]} 5. exf5 {[%clk 01:26:16]} 5... Bxf5 {
[%clk 01:27:15]  [%emt 00:02:55]} 6. d4 {[%clk 01:26:07]  [%emt 00:00:49]} 6...
Nc6 {[%clk 01:23:20]  [%emt 00:04:20]} 7. Be2 {[%clk 01:21:35]  [%emt 00:04:59]
} 7... Be7 {[%clk 01:12:47]  [%emt 00:11:00]} 8. d5 {
[%clk 01:21:54]  [%emt 00:00:19]} 8... Nb8 {[%clk 01:11:48]  [%emt 00:01:39]}
9. Nh4 {[%clk 01:22:22]} 9... Bc8 {[%clk 01:08:37]  [%emt 00:03:24]} 10. Nf3 {
[%clk 01:20:03]  [%emt 00:02:50]} 10... Bf5 {[%clk 00:59:23]  [%emt 00:09:42]}
11. Nh4 {[%clk 01:20:15]  [%emt 00:00:22]} 11... Bc8 {
[%clk 00:58:13]  [%emt 00:01:49]} 12. g3 {[%clk 01:20:43]} 12... Na6 {
[%clk 00:51:12]  [%emt 00:07:21]} 13. f4 {[%clk 01:21:01]  [%emt 00:00:43]}
13... Nc5 {[%clk 00:47:49]  [%emt 00:03:46]} 14. fxe5 {
[%clk 01:20:26]  [%emt 00:00:40]} 14... dxe5 {[%clk 00:47:45]  [%emt 00:00:36]}
15. b4 {[%clk 01:20:02]  [%emt 00:00:54]} 15... Na6 {
[%clk 00:45:32]  [%emt 00:02:52]} 16. c5 {[%clk 01:19:32]  [%emt 00:00:49]}
16... O-O {[%clk 00:44:32]  [%emt 00:01:29]} 17. Qb3 {
[%clk 01:20:00]  [%emt 00:00:11]} 17... Kh8 {[%clk 00:44:20]  [%emt 00:00:35]}
18. Bb2 {[%clk 01:19:55]  [%emt 00:00:36]} 18... Ng4 {
[%clk 00:41:37]  [%emt 00:03:10]} 19. Nf3 {[%clk 01:15:10]  [%emt 00:05:19]}
19... Bxc5 {[%clk 00:27:56]  [%emt 00:14:17]} 20. bxc5 {
[%clk 01:14:38]  [%emt 00:00:51]} 20... Nxc5 {[%clk 00:28:17]  [%emt 00:00:17]}
21. Qa3 {[%clk 01:11:40]  [%emt 00:03:20]} 21... e4 {
[%clk 00:26:09]  [%emt 00:03:01]} 22. Qxc5 {[%clk 01:11:07]  [%emt 00:00:39]}
22... exf3 {[%clk 00:24:41]  [%emt 00:02:31]} 23. O-O {
[%clk 01:11:01]  [%emt 00:00:15]} 23... b6 {[%clk 00:22:06]  [%emt 00:02:55]}
24. Qd4 {[%clk 01:06:05]  [%emt 00:05:26]} 24... c5 {
[%clk 00:14:13]  [%emt 00:08:25]} 25. Qd2 {[%clk 01:05:37]  [%emt 00:01:00]}
25... fxe2 {[%clk 00:13:45]  [%emt 00:00:59]} 26. Nxe2 {
[%clk 01:04:45]  [%emt 00:01:15]} 26... Ba6 {[%clk 00:12:50]  [%emt 00:01:26]}
27. Rxf8+ {[%clk 01:04:37]  [%emt 00:00:37]} 27... Qxf8 {
[%clk 00:13:13]  [%emt 00:00:36]} 28. Nf4 {[%clk 01:05:00]  [%emt 00:00:04]}
28... Nf6 {[%clk 00:12:01]  [%emt 00:01:17]} 29. Ne6 {
[%clk 01:05:20]  [%emt 00:00:45]} 29... Qd6 {[%clk 00:08:27]  [%emt 00:03:29]}
30. Qg5 {[%clk 01:05:44]  [%emt 00:00:32]} 30... Rg8 {
[%clk 00:06:40]  [%emt 00:02:02]} 31. Bxf6 {[%clk 01:06:06]} 1-0